000 01048aam a2200313 a 4500
999 _c5576
_d5576
001 014508001
003 Uk
005 20251006132005.0
008 061218s2008 enkab b 001 0 eng
010 _a 2006940559
020 _a9780500251386 (hbk.)
040 _aStDuBDS
_beng
_cStDuBDS
_dUk
_dKH8
042 _aukblsr
082 0 4 _a930 SOU
_222
130 _aThe Ancient World at War
245 0 4 _aThe ancient world at war :
_ba global history /
_cedited by Philip de Souza.
260 _aLondon :
_bThames & Hudson,
_c2008.
300 _a320 p. :
_bill. (some col.), col. maps ;
_c28 cm.
336 _atext
_2rdacontent
337 _aunmediated
_2rdamedia
338 _avolume
_2rdacarrier
504 _aIncludes bibliographical references (p. 308-310) and index.
650 0 _aMilitary history, Ancient.
650 0 _aMilitary history, Medieval.
650 0 _aMilitary art and science
_xHistory
_yTo 500.
650 0 _aMilitary art and science
_xHistory
_yMedieval, 500-1500.
700 1 _aDe Souza, Philip,
_eeditor
942 _2ddc
_cNFIC